000
00311nam a22001457a 4500
008
230206b ||||| |||| 00| 0 eng d
020
_a
9781285453682
041
_a
eng
080
_a
004
082
_a
004FER
100
_a
18
101
_a
SHKP
245
_a
DISCOVERING COMPUTERS
_c
FREUND
942
_2
udc
_c
BK
999
_c
59302
_d
59302